Statistics for Countries Closest to Croatia - 15 Second Sprint

Click here to take the quiz!

General Stats

  • This quiz has been taken 45 times
  • The average score is 6 of 20

Answer Stats

kmcountrymiles% Correct
0Bosnia and
Herzegovina
0
94%
0Serbia0
83%
0Slovenia0
83%
12Italy8
66%
0Hungary0
46%
0Montenegro0
40%
23Austria15
37%
128Kosovo80
37%
270Greece168
29%
70Albania44
23%
233Germany145
17%
177North Macedonia110
17%
141San Marino87
17%
168Slovakia104
17%
314Vatican City195
11%
107Romania67
9%
315Bulgaria196
6%
234Czechia145
6%
261Switzerland162
3%
345Liechtenstein215
0%

Score Distribution

Percentile by Number Answered

Percent of People with Each Score

Your Score History

You have not taken this quiz